000 01587nam2a2200277 4500
001 RU\NLR\BIBL_A\022281345
005 20250625183754.0
035 _a(NLR Aleph) 022281345
090 _a13223541
_c13223541
100 _a20060620d1888 |||y0rusy50 ca
101 0 _arus
102 _aRU
105 _aa z 001yy
200 1 _a[Судебныя места, образованныя на основании судебных уставов 20 ноября 1864 года]
_eисправлен по 2-е января
210 _d1888
_aБ. м.
215 _a340, [4], LXVIII, IV с.
_cтабл.
_d17
320 _aАлф. указ.: с. I-LXVIII 2-й паг.
327 1 _aСодерж. разд.: Судебныя палаты ; Окружные суды ; Лица прокурорскаго надзора
461 0 _1001v19\rc\1444230
_12001#$aСписок чинам ведомства Министерства юстиции$v1888, ч. 2
_92599733
_aРоссия. Министерство юстиции
_cСанктпетербург [Санкт-Петербург]
_d1872-1913
_nпечатано в Типографии Правительствующаго Сената
_tСписок чинам ведомства Министерства юстиции
_v1888, ч. 2
518 1 _aСудебные места, образованные на основании судебных уставов 20 ноября 1864 года
852 _aNLR
_j19.129.1.1(1888-2)
942 _cBOOK
980 _aNB